| 000 | 01263cam a2200301 a 4500 | ||
|---|---|---|---|
| 999 |
_c27553 _d27553 |
||
| 001 | 14959496 | ||
| 005 | 20170209093755.0 | ||
| 008 | 070809s2008 cauab b 001 0 eng | ||
| 010 | _a 2007033073 | ||
| 020 | _a9780805395730 | ||
| 020 | _a0805395733 (student text component) | ||
| 050 | 0 | 0 | _aGE105 .B74 2008 |
| 100 | 1 | _aWithgott, Jay. | |
| 245 | 1 | 0 |
_aEnvironment : _bthe science behind the stories. |
| 250 | _a3rd ed. / Jay Withgott, Scott Brennan. | ||
| 260 |
_aSan Francisco : _bPearson Benjamin Cummings, _cc2008. |
||
| 300 |
_axxvii, 681, [74] p. : _bcol. ill., col. maps ; _c28 cm. |
||
| 500 | _aBrennan's name appears first on the 1st ed. | ||
| 500 | _aIncludes access code to the book's Companion Website. | ||
| 504 | _aIncludes bibliographical references and index. | ||
| 650 | 0 | _aEnvironmental sciences. | |
| 700 | 1 | _aBrennan, Scott R. | |
| 856 | 4 | 1 |
_3Table of contents only _uhttp://www.loc.gov/catdir/toc/ecip0724/2007033073.html |
| 942 |
_2lcc _cBOOKS |
||